Normal view
MARC view
- MANOR.M
Entry Personal Name
001 - CONTROL NUMBER
- control field: 65590
003 - CONTROL NUMBER IDENTIFIER
- control field: NUST
005 - DATE AND TIME OF LATEST TRANSACTION
- control field: 20210628203445.0
008 - FIXED-LENGTH DATA ELEMENTS
- fixed length control field: 210628|| aca||aabn | a|a d
040 ## - CATALOGING SOURCE
- Original cataloging agency: NUST
- Transcribing agency: NUST
100 ## - HEADING--PERSONAL NAME
- Personal name: MANOR.M
670 ## - SOURCE DATA FOUND
- Source citation: Work cat.: (NUST): MANOR.M, COURSE DIGICOM , THEORY AND MODERN PRACTICE OF DIGITAL COMMUNICAITON, 1985
